000
00343nam a2200145Ia 4500
008
230718s9999 xx 000 0 und d
041
_a
Eng.
082
_a
744.328
_b
PAR-H
100
_a
Parish, James Capert
245
0
_a
Hollywood had boys
260
_a
Pakistan
_b
Contemporary books
_c
2002
300
_a
309
650
_a
Law
999
_c
26612
_d
26612